000 00423nam a22001697a 4500
003 CEME
005 20210628204122.0
008 210309b xxu||||| |||| 00| 0 eng d
020 _a0-412-58840-4
040 _c.
082 _a658.1554 LUM'I
100 _aLumby, Steve
_968826
245 _aInvestment appraisal and financial deceisions
260 _aLONDON
_bCHAPMAN & HALL
_c1994
300 _a667P
942 _cBK
_2ddc
999 _c576284
_d576284